| 000 | 00606nam a22001937a 4500 | ||
|---|---|---|---|
| 999 |
_c167964 _d167964 |
||
| 005 | 20190924160323.0 | ||
| 010 | _aB-730160 | ||
| 020 |
_c295.00 _a9789387103115 |
||
| 035 | _aB-730160 | ||
| 037 | _bDuckbill Books | ||
| 082 | _aN | ||
| 100 | _aSarma, Siddhartha | ||
| 245 |
_aYear of the weeds/ _c by Siddhartha Sarma |
||
| 260 |
_bDuckbill Books _aChennai _c2018 |
||
| 270 |
_bChennai _aF2, Oyster Operaa, 35/36 Gangai Street Kalakshetra Colony _e600090 |
||
| 300 |
_a206p.: _c20cm(pbk) |
||
| 942 |
_2ddc _cCH _mSAR _hN |
||